Historia de la economía /
Gespeichert in:
| 1. Verfasser: | |
|---|---|
| Weitere Verfasser: | |
| Format: | Buch |
| Sprache: | Spanish |
| Veröffentlicht: |
D.F., México:
Fondo de Cultura Económica,
1970
|
| Tags: |
Tag hinzufügen
Keine Tags, Fügen Sie den ersten Tag hinzu!
|
MARC
| LEADER | 00000nam a22000007a 4500 | ||
|---|---|---|---|
| 003 | cru CIDCACS/IIS | ||
| 005 | 20240712092946.0 | ||
| 008 | 240711b1970 mx ||||| |||| 00| 0 spa d | ||
| 020 | |a [Sin ISBN] | ||
| 040 | |a cru CIDCACS/IIS |b spa |c cru CIDCACS/IIS | ||
| 090 | |a 05.01.01 F352h | ||
| 100 | 1 | |a Ferguson, John M. |4 autor |9 12270 | |
| 245 | 1 | |a Historia de la economía / |c John M. Ferguson autor y Vicente Polo traductor |h [impreso] | |
| 260 | |a D.F., México: |b Fondo de Cultura Económica, |c 1970 | ||
| 300 | |a 285 páginas | ||
| 650 | 0 | 7 | |0 TESAUROS |2 TESAUROS |
| 700 | 1 | |a Polo, Vicente |4 traductor |9 12271 | |
| 942 | |2 z |c LI |h <script>document.querySelector('[id^="tag_090_subfield_a"]').value</script> |i 13912 |k 05.01.01 |m F352h |6 SCRIPTDOCUMENTQUERYSELECTORIDTAG_090_SUBFIELD_AVALUESCRIPT_13912 | ||
| 999 | |c 45912 |d 45912 | ||
